[Event "15th HZ Open"]
[Site "Vlissingen NED"]
[Date "2011.07.31"]
[Round "3"]
[White "Postny, Evgeny"]
[Black "Admiraal, Miguoel"]
[Result "1-0"]
[WhiteTitle "GM"]
[WhiteElo "2618"]
[BlackElo "2246"]
[WhiteFideId "2804344"]
[BlackFideId "1019716"]
[EventDate "2011.07.30"]

1. Nf3 Nf6 2. c4 e6 3. g3 d5 4. d4 c5 5. Bg2 Nc6 6. O-O Be7 7. cxd5 exd5 8. Nc3
O-O 9. b3 Ne4 10. Bb2 Bf6 11. Na4 Bg4 12. Ne5 Nxe5 13. dxe5 Bg5 14. Bxe4 dxe4
15. Nxc5 e3 16. f3 Qd2 17. Qxd2 exd2 18. Kf2 Bf5 19. Nxb7 Bc2 20. Nd6 Rfd8 21.
Rfd1 a5 22. f4 Bxd1 23. Rxd1 Be7 24. Rxd2 Ra6 25. Ba3 Rb8 26. Bc5 Rc6 27. Rd5
Bd8 28. Kf3 Ra6 29. Ke4 g6 30. Kd3 h5 31. Kc4 Bb6 32. Kb5 1-0

[Event "15th HZ Open"]
[Site "Vlissingen NED"]
[Date "2011.07.31"]
[Round "3"]
[White "Van Dooren, Dirk"]
[Black "L'Ami, Erwin"]
[Result "1/2-1/2"]
[WhiteTitle "FM"]
[BlackTitle "GM"]
[WhiteElo "2290"]
[BlackElo "2611"]
[WhiteFideId "1015761"]
[BlackFideId "1007998"]
[EventDate "2011.07.30"]

1. e4 c5 2. Nf3 d6 3. d4 cxd4 4. Nxd4 Nf6 5. Nc3 a6 6. Be2 e5 7. Nb3 Be7 8. Be3
O-O 9. O-O Nbd7 10. a4 b6 11. Bf3 Bb7 12. Qe2 Rc8 13. Rfd1 Rc7 14. g4 Rxc3 15.
bxc3 Nxe4 16. Bxb6 Qa8 17. Rd3 Nxb6 18. Na5 d5 19. Rb1 Nxa4 20. Rxb7 Bd8 21.
Rxd5 Bxa5 22. Rxa5 Qxb7 23. Bxe4 Qd7 24. Bf5 Qc6 25. Qxa6 Qxa6 26. Rxa6 Nxc3 27.
Kg2 g6 28. Bd3 Rc8 29. Rd6 Kg7 30. Ba6 Rc5 31. Bb7 Rc4 32. h3 Ne2 33. Rc6 Nf4+
34. Kh2 Ra4 35. Rc3 f5 36. Bc8 fxg4 37. Bxg4 h5 38. Bf3 Rd4 39. Re3 Kf6 40. Be4
Rd2 41. Kg3 Rd1 42. Ra3 h4+ 43. Kxh4 Rg1 44. Rg3 Rf1 45. Kg4 Rxf2 46. Rb3 Re2
47. Rb6+ Kg7 48. Kf3 Rh2 49. Kg4 Re2 50. Kf3 Re1 51. h4 Rf1+ 52. Kg4 Rg1+ 53.
Kf3 Nh5 54. Re6 Rg3+ 55. Kf2 Rg4 56. Bf3 Rxh4 57. Rxe5 Rh2+ 58. Kg1 Rxc2 1/2-1/2

[Event "15th HZ Open"]
[Site "Vlissingen NED"]
[Date "2011.07.31"]
[Round "3"]
[White "Ikonnikov, Vyacheslav"]
[Black "In't Veld, Daan"]
[Result "0-1"]
[WhiteTitle "GM"]
[WhiteElo "2553"]
[BlackElo "2224"]
[WhiteFideId "4100972"]
[BlackFideId "1016270"]
[EventDate "2011.07.30"]

1. d4 e6 2. c4 b6 3. a3 Bb7 4. Nc3 f5 5. d5 Nf6 6. g3 b5 7. Nxb5 exd5 8. Bf4 Na6
9. Bg2 c6 10. Nd6+ Bxd6 11. Bxd6 dxc4 12. Nh3 Qa5+ 13. Kf1 O-O-O 14. Ng5 Rhf8
15. Bxf8 Rxf8 16. Qd6 Re8 17. Nf7 Re6 18. Qf8+ Ne8 19. Bf3 Qd2 20. Kg2 Qxb2 21.
Ng5 Re5 22. Rab1 Qd4 23. Nf7 Qc5 24. Qg8 Re7 25. Rhd1 d5 26. Ng5 c3 27. Rdc1 Nc7
28. Rb3 d4 29. Rb4 Nb5 30. Rc4 Qxa3 31. Bxc6 Nc7 32. Bxb7+ Kxb7 33. Rb1+ Kc8 34.
Qd5 Nd6 35. Rxd4 Nxd5 0-1

[Event "15th HZ Open"]
[Site "Vlissingen NED"]
[Date "2011.07.31"]
[Round "3"]
[White "Bus, Tom"]
[Black "Pavlovic, Milos"]
[Result "0-1"]
[BlackTitle "GM"]
[WhiteElo "2237"]
[BlackElo "2541"]
[WhiteFideId "1014374"]
[BlackFideId "900389"]
[EventDate "2011.07.30"]

1. c4 e6 2. g3 d5 3. Bg2 Nf6 4. Nf3 Be7 5. O-O O-O 6. d4 dxc4 7. Qc2 a6 8. Qxc4
b5 9. Qc2 Bb7 10. Bf4 Nc6 11. Rd1 Nb4 12. Qc1 Nbd5 13. Nc3 Rc8 14. Nxd5 Bxd5 15.
Bg5 Qd6 16. Bf4 Qb6 17. Bg5 c5 18. Qf4 cxd4 19. Nxd4 Bxg2 20. Kxg2 Rc4 21. b3
Nd5 22. Qe5 Bd6 23. Qe4 Nc3 24. Qd3 Nxd1 25. bxc4 Nb2 26. Qe4 Nxc4 27. f3 h6 28.
Bc1 Be5 29. e3 Rd8 30. a4 Bxd4 31. exd4 Rxd4 32. Qa8+ Rd8 33. Qe4 Rd1 34. Kh3
Rd5 35. axb5 axb5 36. Ra8+ Rd8 37. Rxd8+ Qxd8 38. Qb7 Qd5 39. Qb8+ Kh7 40. Qf4
f6 41. Kg2 e5 42. Qf5+ Kh8 43. Qc8+ Qg8 44. Qc5 Qb8 45. Qc6 Nd6 46. g4 b4 47. h4
b3 48. Kh3 h5 49. Ba3 Nb5 50. Bb2 Nd4 51. Qd5 Ne2 0-1

[Event "15th HZ Open"]
[Site "Vlissingen NED"]
[Date "2011.07.31"]
[Round "3"]
[White "Heltzel, Joost"]
[Black "Hoffmann, Michael1"]
[Result "0-1"]
[WhiteTitle "CM"]
[BlackTitle "GM"]
[WhiteElo "2225"]
[BlackElo "2493"]
[WhiteFideId "1010522"]
[BlackFideId "4601297"]
[EventDate "2011.07.30"]

1. e4 c5 2. Nf3 d6 3. d4 cxd4 4. Nxd4 Nf6 5. Nc3 a6 6. Bg5 e6 7. f4 Qb6 8. Qd2
Qxb2 9. Rb1 Qa3 10. Bxf6 gxf6 11. f5 Nc6 12. fxe6 fxe6 13. Nxc6 bxc6 14. e5 Bh6
15. Qd3 fxe5 16. Qf3 Ra7 17. Qxc6+ Ke7 18. Bd3 Bd7 19. Qc4 Bf4 20. O-O Rc8 21.
Rb3 Rxc4 22. Rxa3 Rc8 23. Bxh7 Rh8 24. Bd3 Bxh2+ 25. Kf2 Rf8+ 26. Ke2 Rg8 27.
Rxa6 Rc7 28. Ne4 d5 0-1

[Event "15th HZ Open"]
[Site "Vlissingen NED"]
[Date "2011.07.31"]
[Round "3"]
[White "Haast, Anne"]
[Black "Deepan, Chakkravarthy J."]
[Result "0-1"]
[WhiteTitle "WIM"]
[BlackTitle "GM"]
[WhiteElo "2223"]
[BlackElo "2470"]
[WhiteFideId "1017292"]
[BlackFideId "5011132"]
[EventDate "2011.07.30"]

1. e4 c5 2. Nf3 d6 3. d4 cxd4 4. Nxd4 Nf6 5. Nc3 a6 6. Be3 e6 7. g4 h5 8. gxh5
Nxh5 9. Bg2 Nc6 10. O-O Nxd4 11. Qxd4 Qh4 12. f4 Nf6 13. h3 e5 14. fxe5 Bxh3 15.
exd6 Qg3 16. Rf2 Bxd6 17. Rd1 Be5 18. Qd3 Bg4 0-1

[Event "15th HZ Open"]
[Site "Vlissingen NED"]
[Date "2011.07.31"]
[Round "3"]
[White "Van Haastert, Edwin"]
[Black "Van Den Berg, Bram"]
[Result "1-0"]
[WhiteTitle "IM"]
[WhiteElo "2421"]
[BlackElo "2206"]
[WhiteFideId "1003992"]
[BlackFideId "1008684"]
[EventDate "2011.07.30"]

1. d4 Nf6 2. Nf3 e6 3. g3 b5 4. Bg2 Bb7 5. O-O Be7 6. Nbd2 O-O 7. Re1 c5 8. e4
d5 9. e5 Nfd7 10. c3 Nc6 11. Nf1 Rc8 12. a3 a5 13. h4 a4 14. dxc5 Nxc5 15. Bg5
Nb3 16. Rb1 h6 17. Bxe7 Qxe7 18. N1d2 Nxd2 19. Qxd2 Na5 20. Nd4 Bc6 21. f4 Bd7
22. Bf1 Nc4 23. Qf2 Rce8 24. Bd3 f5 25. exf6 gxf6 26. Bxc4 bxc4 27. Nxe6 Bxe6
28. f5 Qf7 29. fxe6 Rxe6 30. Rxe6 Qxe6 31. Re1 Qg4 32. Kg2 Kg7 33. Qa7+ Rf7 34.
Qxa4 f5 35. Qd1 Qxd1 36. Rxd1 Rb7 37. Rd2 Kf6 38. Kf3 h5 39. Rxd5 Rxb2 40. Rc5
Ra2 41. Rxc4 Rxa3 42. Kf4 Ra6 43. Rc8 Ke6 44. Kg5 Ra4 45. Re8+ Kf7 46. Re3 Ra5
47. Rf3 Ke6 48. Kxh5 Kf6 49. g4 f4+ 50. g5+ Kf5 51. g6 1-0

[Event "15th HZ Open"]
[Site "Vlissingen NED"]
[Date "2011.07.31"]
[Round "3"]
[White "Sveshnikov, Vladimir"]
[Black "Smits, Sebastiaan"]
[Result "1-0"]
[WhiteTitle "IM"]
[WhiteElo "2407"]
[BlackElo "2180"]
[WhiteFideId "11601884"]
[BlackFideId "1019384"]
[EventDate "2011.07.30"]

1. e4 c5 2. c3 g6 3. d4 cxd4 4. cxd4 d5 5. e5 Nc6 6. Nc3 Bg7 7. h3 f6 8. f4 Nh6
9. g4 fxe5 10. fxe5 O-O 11. Bg2 e6 12. Nf3 b6 13. O-O Ba6 14. Rf2 Qd7 15. Be3
Na5 16. b3 Kh8 17. Qd2 Ng8 18. Bf1 Bxf1 19. Raxf1 Ne7 20. Ng5 Kg8 21. Nf7 Nec6
22. Nh6+ Bxh6 23. Bxh6 Rxf2 24. Qxf2 Qe7 25. Nb5 1-0

[Event "15th HZ Open"]
[Site "Vlissingen NED"]
[Date "2011.07.31"]
[Round "3"]
[White "Meurs, Tom"]
[Black "Poetsch, Hagen"]
[Result "0-1"]
[BlackTitle "IM"]
[WhiteElo "2217"]
[BlackElo "2403"]
[WhiteFideId "1021176"]
[BlackFideId "24615137"]
[EventDate "2011.07.30"]

1. e4 e6 2. d4 d5 3. exd5 exd5 4. c4 Bb4+ 5. Nc3 Ne7 6. Bd3 Nbc6 7. Ne2 Bg4 8.
a3 dxc4 9. Bxc4 Ba5 10. O-O O-O 11. h3 Bh5 12. Ba2 Bb6 13. g4 Bg6 14. Be3 Qd7
15. d5 Ne5 16. Bxb6 axb6 17. Kh1 Rfe8 18. f4 Nxg4 19. hxg4 Qxg4 20. Rf2 Qh3+ 21.
Kg1 Nf5 22. Qf1 Qe3 23. Kh2 Nh4 24. Bc4 Qc5 25. Ng3 Re3 26. Be2 Rae8 27. Rd1 Bf5
28. Rd2 Bd7 29. Nd1 Rb3 30. Bc4 Rf3 31. Rxf3 Re1 32. Rff2 Rxf1 33. Bxf1 Qc1 34.
Bg2 Ng6 35. Nc3 Nxf4 36. Rd1 Qe3 37. Rf3 Qe5 38. Rdf1 g5 39. Nce4 Bg4 40. Rc3 h5
41. Nf2 Be2 42. Re1 h4 43. Kg1 hxg3 44. Rxg3 f6 45. b4 Qd4 46. Rc1 Bc4 47. Bf1
Bxf1 48. Kxf1 Qxd5 49. Rxc7 Qb5+ 0-1

[Event "15th HZ Open"]
[Site "Vlissingen NED"]
[Date "2011.07.31"]
[Round "3"]
[White "Brown, Andrew"]
[Black "Bosboom, Manuel"]
[Result "0-1"]
[WhiteTitle "IM"]
[BlackTitle "IM"]
[WhiteElo "2202"]
[BlackElo "2399"]
[WhiteFideId "3206513"]
[BlackFideId "1000080"]
[EventDate "2011.07.30"]

1. d4 g6 2. c4 Bg7 3. Nc3 d6 4. e4 Nd7 5. f4 c5 6. d5 Bxc3+ 7. bxc3 Qa5 8. Qc2
f5 9. exf5 gxf5 10. Bd3 Nb6 11. Nf3 Nf6 12. O-O Bd7 13. Bxf5 Qa4 14. Bxd7+ Nfxd7
15. Qxa4 Nxa4 16. Ng5 Ndb6 17. Ne6 Nxc4 18. Rb1 Rb8 19. Rf3 Ncb6 20. c4 Nxc4 21.
f5 Nab6 22. f6 exf6 23. Rxf6 Nxd5 24. Rf5 Nc3 25. Ng7+ Kd7 26. Rf7+ Kc6 27. Ra1
Rbf8 28. Rxf8 Rxf8 29. g4 b5 30. Bh6 b4 31. h4 Ne5 32. Nf5 Rf7 33. Rf1 Nxg4 34.
Bg5 Ne5 35. Be7 Ne4 36. Kg2 a5 37. Rf4 a4 38. Bd8 b3 39. axb3 axb3 40. Ne7+ Rxe7 0-1

[Event "15th HZ Open"]
[Site "Vlissingen NED"]
[Date "2011.07.31"]
[Round "3"]
[White "Leenhouts, Koen"]
[Black "Padurariu, Ioana-Smaranda"]
[Result "1-0"]
[WhiteTitle "IM"]
[BlackTitle "WIM"]
[WhiteElo "2397"]
[BlackElo "2164"]
[WhiteFideId "1008439"]
[BlackFideId "1210947"]
[EventDate "2011.07.30"]

1. e4 c5 2. Nf3 e6 3. d4 cxd4 4. Nxd4 a6 5. c4 Qc7 6. a3 Nf6 7. Nc3 Be7 8. Be2
b6 9. Be3 Bb7 10. f3 d6 11. Rc1 Nbd7 12. O-O O-O 13. Qd2 Rac8 14. Rfd1 Qb8 15.
Kh1 Bd8 16. Nc2 Nc5 17. Na1 Bc7 18. Bf4 Ne8 19. Bg3 Nd7 20. Nc2 Ndf6 21. Qg5 h6
22. Qe3 Nh5 23. f4 Nxg3+ 24. hxg3 Nf6 25. Nd4 Rfe8 26. Rf1 Qa8 27. Bf3 h5 28.
Rc2 Ng4 29. Bxg4 hxg4 30. f5 Bd8 31. Qe2 Bf6 32. fxe6 fxe6 33. Rxf6 gxf6 34.
Qxg4+ Kf7 35. Rf2 Rh8+ 36. Kg1 Rce8 37. Nd5 Bxd5 38. cxd5 exd5 39. Nf5 Reg8 40.
Nxd6+ Ke7 41. Qf4 Qc6 42. Nf5+ Kd7 43. exd5 Qc5 44. b4 Qc7 45. Qxc7+ Kxc7 46.
Rc2+ Kb7 47. Rc6 Rg6 48. Nd6+ Ka7 49. Rc7+ Ka8 50. Nc4 f5 51. Ne5 Rhg8 52. Nxg6
Rxg6 53. Rc3 Kb7 54. Kf2 Rg4 55. Rd3 Kc7 56. d6+ Kd7 57. Rd5 f4 58. gxf4 Rxf4+
59. Kg3 Rc4 60. Rd3 a5 61. bxa5 bxa5 62. Kf3 a4 63. g4 Rc8 64. g5 Rc4 65. g6 Rc8
66. Kf4 Ke6 67. d7 Rd8 68. Kg5 Ke7 69. Re3+ Kd6 70. g7 1-0

[Event "15th HZ Open"]
[Site "Vlissingen NED"]
[Date "2011.07.31"]
[Round "3"]
[White "Rosmuller, Anton"]
[Black "Eisenbeiser, Amadeus"]
[Result "0-1"]
[BlackTitle "IM"]
[WhiteElo "2091"]
[BlackElo "2386"]
[WhiteFideId "1007270"]
[BlackFideId "4678338"]
[EventDate "2011.07.30"]

1. d4 f5 2. g3 Nf6 3. Bg2 g6 4. Nd2 Bg7 5. Nh3 O-O 6. Nf4 Nc6 7. d5 Ne5 8. c4 c6
9. Qb3 Nf7 10. O-O e5 11. dxe6 dxe6 12. c5 e5 13. Ne6 Bxe6 14. Qxe6 Nd5 15. e4
Re8 16. Qxe8+ Qxe8 17. exd5 e4 18. dxc6 Qxc6 19. Nb3 a5 20. a4 Qd5 21. Ra3 Ne5 0-1

[Event "15th HZ Open"]
[Site "Vlissingen NED"]
[Date "2011.07.31"]
[Round "3"]
[White "Willemsma, Abe"]
[Black "De Jong, Migchiel"]
[Result "0-1"]
[BlackTitle "IM"]
[WhiteElo "2088"]
[BlackElo "2376"]
[WhiteFideId "1011561"]
[BlackFideId "1002848"]
[EventDate "2011.07.30"]

1. e4 c5 2. Nf3 e6 3. d4 cxd4 4. Nxd4 a6 5. Nc3 b5 6. Bd3 Bb7 7. O-O Nc6 8. Nxc6
Bxc6 9. Qe2 Bc5 10. e5 f5 11. a4 b4 12. Nd1 Ne7 13. Ne3 O-O 14. Nc4 f4 15. Be4
Bxe4 16. Qxe4 Nd5 17. Bd2 Qh4 18. Nd6 g5 19. c4 bxc3 20. bxc3 Rab8 21. c4 Rb2
22. Qd3 Ne3 23. Bxe3 fxe3 24. g3 Rfxf2 25. Rxf2 exf2+ 26. Kh1 f1=R+ 0-1

[Event "15th HZ Open"]
[Site "Vlissingen NED"]
[Date "2011.07.31"]
[Round "3"]
[White "Kuipers, Stefan"]
[Black "Aben, Paul"]
[Result "1-0"]
[WhiteTitle "FM"]
[WhiteElo "2365"]
[BlackElo "1939"]
[WhiteFideId "1018400"]
[BlackFideId "1029495"]
[EventDate "2011.07.30"]

1. e4 c6 2. d4 d5 3. Nc3 dxe4 4. Nxe4 Bf5 5. Ng3 Bg6 6. Nf3 Nd7 7. h4 h6 8. h5
Bh7 9. Bd3 Bxd3 10. Qxd3 e6 11. Bd2 Ngf6 12. O-O-O Be7 13. Kb1 O-O 14. Ne4 Nxe4
15. Qxe4 Nf6 16. Qh4 a5 17. Qh3 a4 18. Rhe1 a3 19. b3 Qc7 20. g4 Nh7 21. g5 Nxg5
22. Nxg5 Bxg5 23. Bxg5 hxg5 24. h6 Qf4 25. hxg7 Kxg7 26. Qc3 Rfd8 27. d5+ Qf6
28. Re5 Kf8 29. Qc5+ Ke8 30. d6 Rd7 31. c3 Qg6+ 32. Kc1 f5 33. Qe3 Kf7 34. c4
Rh8 35. c5 f4 36. Qf3 Qf6 37. Rde1 Rdd8 38. b4 Rdg8 39. Qxa3 f3 40. Rxe6 Qf4+
41. Kb1 Qf5+ 42. Kb2 Rh2 43. Re7+ Kg6 44. R1e6+ Kh5 45. Qe3 Ra8 46. Rh7+ Qxh7
47. Qxf3+ g4 48. Re5+ Kg6 49. Qxg4+ 1-0

[Event "15th HZ Open"]
[Site "Vlissingen NED"]
[Date "2011.07.31"]
[Round "3"]
[White "Armstrong, Malcolm J"]
[Black "Bezemer, Arno"]
[Result "0-1"]
[BlackTitle "FM"]
[WhiteElo "1988"]
[BlackElo "2348"]
[WhiteFideId "409049"]
[BlackFideId "1001396"]
[EventDate "2011.07.30"]

1. d4 Nf6 2. Nf3 g6 3. g3 Bg7 4. Bg2 O-O 5. O-O d6 6. c4 c6 7. Nc3 Qa5 8. e4 e5
9. d5 cxd5 10. cxd5 b5 11. Nd2 b4 12. Ne2 Ba6 13. Nb3 Qb5 14. Re1 Nbd7 15. a3
Qd3 16. Qxd3 Bxd3 17. axb4 Bxe4 18. Nc3 Bxg2 19. Kxg2 a6 20. Na5 Nb6 21. Rd1
Rfc8 22. Be3 Nfd7 23. b5 Bf8 24. Nc6 axb5 25. Rxa8 Rxa8 26. Nxb5 Ra2 27. Bc1 Ra1
28. Nc3 Nf6 29. Nb4 Be7 30. b3 h5 31. Nc2 Ra8 32. Nb4 Rc8 33. Bb2 Kf8 34. h3
Nbd7 35. Nc6 Rc7 36. Ra1 Nb6 37. Rd1 Nbxd5 38. Nxd5 Rxc6 39. Nxf6 Bxf6 40. Ba3
Ke7 41. h4 Ke6 42. Rd2 d5 43. b4 Rc3 44. Ra2 Rb3 45. Bc1 Rxb4 46. Ra6+ Kf5 47.
Ra7 Rb1 48. Bh6 e4 49. Rxf7 Ke6 50. Ra7 Rb5 51. Ra6+ Kf5 52. Be3 d4 53. Rxf6+
Kxf6 54. Bxd4+ Kf5 55. Kh3 Rb7 56. Be3 Rf7 57. Bf4 Ke6 58. Be3 Kd5 59. Kg2 Kc4
60. Bb6 Kd3 61. Bc5 Ke2 62. Be3 Rf3 63. Bc5 Rb3 64. Bd4 Kd3 65. Be3 Rb1 66. Bc5
Kc4 67. Be3 Rb7 68. Bf4 Rf7 69. Be3 Kd5 70. Bb6 Ke5 71. Be3 Rf3 72. Bb6 Kf5 73.
Bd4 Rd3 74. Bb6 Kg4 75. Bc5 Rb3 76. Ba7 g5 77. hxg5 Kxg5 78. Bd4 Kf5 79. Bc5 Rb7 0-1

[Event "15th HZ Open"]
[Site "Vlissingen NED"]
[Date "2011.07.31"]
[Round "3"]
[White "Rogmans, Jelle"]
[Black "Vishnu Prasanna. V"]
[Result "0-1"]
[BlackTitle "IM"]
[WhiteElo "1933"]
[BlackElo "2340"]
[WhiteFideId "209821"]
[BlackFideId "5030692"]
[EventDate "2011.07.30"]

1. Nc3 d5 2. e4 c6 3. d4 dxe4 4. Nxe4 Nf6 5. Nxf6+ gxf6 6. Bc4 Bf5 7. c3 e6 8.
Ne2 Bd6 9. Bf4 Qc7 10. Bxd6 Qxd6 11. Ng3 Bg6 12. Qf3 Nd7 13. O-O-O O-O-O 14. Rd2
Ne5 15. Qe2 Nxc4 16. Qxc4 Kb8 17. Rhd1 h5 18. h4 Qf4 19. Qe2 Qxh4 20. Qf3 Qg5
21. Ne4 Qd5 22. Nxf6 Qxa2 23. Ne4 Rd5 24. b4 Qa3+ 25. Kc2 h4 26. Rb1 e5 27. Rb3
Qa2+ 28. Rb2 Qa4+ 29. Kc1 Qa1+ 30. Rb1 Qa3+ 31. Rbb2 Re8 32. c4 Qxf3 33. gxf3
Rxd4 0-1

[Event "15th HZ Open"]
[Site "Vlissingen NED"]
[Date "2011.07.31"]
[Round "3"]
[White "Riemens, Albert"]
[Black "Haimovich, Tal"]
[Result "0-1"]
[BlackTitle "IM"]
[WhiteElo "2140"]
[BlackElo "2419"]
[WhiteFideId "1003941"]
[BlackFideId "2801698"]
[EventDate "2011.07.30"]

1. e4 e6 2. d4 d5 3. e5 c5 4. c3 Nc6 5. g3 Qb6 6. Ne2 f6 7. exf6 Nxf6 8. Bg2 Bd6
9. O-O O-O 10. b3 Bd7 11. Ba3 Rf7 12. c4 Raf8 13. Nbc3 dxc4 14. bxc4 Nxd4 15.
Nxd4 cxd4 16. Rb1 Qa6 17. Bxd6 Qxd6 18. Rxb7 Qc5 19. Nb5 e5 20. Rxa7 Bg4 21. Qa4
Be2 22. Rxf7 Rxf7 23. Re1 Bxc4 24. Na3 Bxa2 25. Nc2 Be6 26. Nb4 Bd7 27. Nd3 Bxa4
28. Nxc5 Bb5 29. Rxe5 Rc7 30. Bd5+ Nxd5 31. Rxd5 Bc4 32. Rd8+ Kf7 33. Ne4 d3 34.
Rd4 Ba6 35. f4 Rc2 36. Ng5+ Ke8 37. Nf3 Bb7 38. Ne1 Re2 0-1

[Event "15th HZ Open"]
[Site "Vlissingen NED"]
[Date "2011.07.31"]
[Round "3"]
[White "Tan, Matthew"]
[Black "Van de Wynkele, Eric"]
[Result "1-0"]
[WhiteTitle "FM"]
[WhiteElo "2400"]
[BlackElo "2086"]
[WhiteFideId "1011316"]
[BlackFideId "205702"]
[EventDate "2011.07.30"]

1. e4 Nf6 2. Nc3 d5 3. e5 d4 4. Nce2 Ng4 5. f4 c5 6. Nf3 Nc6 7. Ng3 Nh6 8. Bc4
e6 9. Qe2 a6 10. a4 Nb4 11. d3 b6 12. O-O Be7 13. Ng5 g6 14. N3e4 Bb7 15. c3
dxc3 16. bxc3 Nd5 17. Bd2 Nf5 18. g4 Ng7 19. f5 gxf5 20. gxf5 Nxf5 21. Qh5 Bxg5
22. Bxg5 Rg8 23. Bxd5 Rxg5+ 24. Nxg5 1-0

[Event "15th HZ Open"]
[Site "Vlissingen NED"]
[Date "2011.07.31"]
[Round "3"]
[White "Dahm, Jochen"]
[Black "Brookes, Christopher"]
[Result "1/2-1/2"]
[WhiteTitle "FM"]
[WhiteElo "2345"]
[BlackElo "2056"]
[WhiteFideId "4659350"]
[BlackFideId "4669355"]
[EventDate "2011.07.30"]

1. e4 c5 2. Nf3 d6 3. d4 cxd4 4. Nxd4 Nf6 5. Nc3 Nc6 6. g3 g6 7. Bg2 Bd7 8. O-O
Bg7 9. Nb3 O-O 10. h3 Na5 11. Nd5 Nc4 12. c3 Rc8 13. Re1 b5 14. Nd4 a5 15. b3
Nb6 16. Bb2 Rc5 17. Ne3 Qc8 18. g4 Rd8 19. b4 axb4 20. cxb4 Rc7 21. Nd5 Nfxd5
22. exd5 Rc4 23. Rc1 Re8 24. Qd2 Rxc1 25. Rxc1 Nc4 26. Qe2 Qa6 27. Bc3 Qa3 28.
Rc2 1/2-1/2

[Event "15th HZ Open"]
[Site "Vlissingen NED"]
[Date "2011.07.31"]
[Round "3"]
[White "Go, Benjamin"]
[Black "Van Den Berg, Ad"]
[Result "1-0"]
[WhiteElo "2124"]
[BlackElo "2244"]
[WhiteFideId "1014560"]
[BlackFideId "1001426"]
[EventDate "2011.07.30"]

1. e4 d6 2. d4 c5 3. dxc5 Qa5+ 4. Nc3 Qxc5 5. Be3 Qa5 6. Bc4 Nf6 7. Qd2 a6 8.
Nf3 e6 9. O-O-O Nbd7 10. Nd4 Ne5 11. Bb3 b5 12. f4 b4 13. Nd5 Nxe4 14. Qe2 Bb7
15. Nxe6 fxe6 16. Bb6 Nc3 17. Qh5+ g6 18. Nc7+ Kf7 19. Bxe6+ Kg7 20. Bxa5 gxh5
21. bxc3 Nc6 22. Nxa8 Nxa5 23. cxb4 Nc6 24. Nc7 Nxb4 25. Ne8+ Kh6 26. Nxd6 1-0

[Event "15th HZ Open"]
[Site "Vlissingen NED"]
[Date "2011.07.31"]
[Round "3"]
[White "Timmermans, Ivo"]
[Black "Bolleman, Erik"]
[Result "1-0"]
[WhiteElo "2232"]
[BlackElo "2042"]
[WhiteFideId "1002910"]
[BlackFideId "1016172"]
[EventDate "2011.07.30"]

1. e4 c5 2. Nf3 Nc6 3. d4 cxd4 4. Nxd4 e5 5. Nb5 a6 6. Nd6+ Bxd6 7. Qxd6 Qf6 8.
Qd1 Qg6 9. Nc3 Nge7 10. h4 h6 11. h5 Qf6 12. Be3 d6 13. Qd2 Be6 14. O-O-O Rd8
15. Nd5 Bxd5 16. exd5 Nb8 17. g4 Qf3 18. Be2 Qe4 19. b3 Qh7 20. Bd3 e4 21. Be2
O-O 22. g5 hxg5 23. Bxg5 f6 24. Bf4 Nf5 25. Rhg1 Nh4 26. Rg3 Kh8 27. Bg4 Nd7 28.
Bxd6 f5 29. Bxf8 Rxf8 30. Qg5 Ne5 31. Qe7 Qh6+ 32. Kb1 Qf6 33. Qxf6 Rxf6 34. Rh3
fxg4 35. Rxh4 Rf4 36. d6 Nd7 37. Rd4 Kg8 38. f3 Rxf3 39. Rxg4 e3 40. h6 e2 41.
Rxg7+ Kh8 42. Re4 Rf1+ 43. Kb2 e1=Q 44. Rxe1 Rxe1 45. Rxd7 Rd1 46. h7 b5 47. c4
a5 48. c5 a4 49. bxa4 bxa4 50. Rd8+ 1-0

[Event "15th HZ Open"]
[Site "Vlissingen NED"]
[Date "2011.07.31"]
[Round "3"]
[White "Haak, Eelco"]
[Black "Laarhoven, Thijs"]
[Result "0-1"]
[WhiteElo "2123"]
[BlackElo "2228"]
[WhiteFideId "1003844"]
[BlackFideId "1021265"]
[EventDate "2011.07.30"]

1. d4 d5 2. c4 c6 3. g3 Nf6 4. Bg2 Bf5 5. Nc3 e6 6. Nf3 h6 7. O-O Nbd7 8. b3 a6
9. Nd2 Qb6 10. e4 Qxd4 11. exf5 Qxc3 12. fxe6 fxe6 13. Rb1 Kf7 14. Re1 Bc5 15.
Qe2 Rhe8 16. b4 Ba7 17. Bh3 e5 18. Bb2 Qc2 19. Rec1 Qa4 20. Bxd7 Nxd7 21. cxd5
cxd5 22. Rc7 Bb6 23. Qf3+ Ke7 24. Bxe5 Bxc7 25. Bxc7 Nf6 26. Be5 Qc6 27. Nb3 Kf8
28. Nd4 Qb6 29. Qf5 Kg8 30. Rc1 Re7 31. Kg2 Rae8 32. Bxf6 Qxf6 33. Qxf6 gxf6 34.
Nf5 Rd7 35. Nxh6+ Kh7 36. Nf5 d4 37. Kf3 Re5 38. g4 a5 39. bxa5 Rxa5 40. Rc2 Re5
41. Rd2 d3 42. Ne3 Ra5 43. Ke4 Ra4+ 44. Kf5 Kg7 45. Ke6 Rd8 46. Ke7 Raa8 47.
Nf5+ Kg6 48. Nd6 Rh8 49. f4 Rh7+ 50. Ke6 Rh3 51. Ne4 Re3 52. Kd5 Re2 53. f5+ Kg7
54. Rxd3 Ra5+ 0-1

[Event "15th HZ Open"]
[Site "Vlissingen NED"]
[Date "2011.07.31"]
[Round "3"]
[White "Eisenbeiser, Karlheinz"]
[Black "Steenbekkers, Franck"]
[Result "0-1"]
[BlackTitle "CM"]
[WhiteElo "2017"]
[BlackElo "2223"]
[WhiteFideId "4653360"]
[BlackFideId "1004220"]
[EventDate "2011.07.30"]

1. e4 e6 2. d4 d5 3. Nd2 Nf6 4. e5 Nfd7 5. Bd3 c5 6. c3 Nc6 7. Ndf3 Qb6 8. Ne2
cxd4 9. cxd4 f6 10. exf6 Nxf6 11. O-O Bd6 12. h3 O-O 13. a3 Bd7 14. b4 e5 15.
dxe5 Nxe5 16. Nxe5 Bxe5 17. Be3 Qd6 18. Nd4 Qe7 19. Rc1 Rae8 20. Qb3 Kh8 21. Nb5
b6 22. Nc7 Rd8 23. Bg5 Bxh3 24. Bxh7 Bc8 25. Bxf6 Qxf6 26. Bb1 Qh6 27. g3 Bg4
28. Qe3 Qh3 29. f4 Bd4 30. Qxd4 Qxg3+ 31. Kh1 Rd6 0-1

[Event "15th HZ Open"]
[Site "Vlissingen NED"]
[Date "2011.07.31"]
[Round "3"]
[White "Kok, Ivo"]
[Black "Nabuurs, Joep"]
[Result "0-1"]
[WhiteElo "1985"]
[BlackElo "2218"]
[WhiteFideId "1022024"]
[BlackFideId "1020013"]
[EventDate "2011.07.30"]

1. c4 e5 2. Nc3 Nc6 3. Nf3 f5 4. d3 Bb4 5. g3 Nf6 6. Bg2 d6 7. O-O Bxc3 8. bxc3
O-O 9. Rb1 Qe8 10. Nd2 f4 11. e3 Bg4 12. Qe1 Qh5 13. f3 Bc8 14. exf4 exf4 15.
Rb5 Qg6 16. Ne4 Ne5 17. Qe2 Nxe4 18. fxe4 f3 19. Bxf3 Rxf3 20. Rxf3 Bg4 21. Rxe5
dxe5 22. Qe3 Bxf3 23. Qxf3 Rd8 0-1